| 000 | 00496nam a2200181Ia 4500 | ||
|---|---|---|---|
| 008 | 230917s9999||||xx |||||||||||||| ||und|| | ||
| 020 | _cRS 995.00 | ||
| 040 |
_e5006836 _aMAIN |
||
| 041 | _aEnglish | ||
| 082 | _a647.94068 H326H(3) | ||
| 100 | _aHayes, David K | ||
| 245 | 0 | _aHotel operations management | |
| 250 | _a3rd ed. | ||
| 260 |
_aNoida _bPearson India Education Services _c2020 |
||
| 300 | _axviii, 595 p. | ||
| 500 | _a4084 29/09/2021 HBD21/8863 11/10/2021 IHTM (SFS) | ||
| 942 | _cBK | ||
| 999 |
_c2395 _d2395 |
||